[Event "FB1 1920 Karlsruher SF 1853 - SK Schwäb"]
[Site "?"]
[Date "2019.09.14"]
[Round "1.2"]
[White "Georgescu, Lena"]
[Black "Khotenashvili, Bela"]
[Result "1-0"]
[WhiteElo "2229"]
[BlackElo "2453"]
[PlyCount "129"]
[EventDate "2019.??.??"]

1. e4 c6 2. d4 g6 3. Nf3 Bg7 4. c3 d6 5. Bd3 Nd7 6. O-O e5 7. Re1 Ngf6 8. h3
O-O 9. Bg5 h6 10. Bh4 Qc7 11. Nbd2 Re8 12. a4 a5 13. Qb3 Nh5 14. Nf1 Nf4 15.
Bb1 Nf6 16. Qd1 Be6 17. Bg3 N6h5 18. Qd2 Rad8 19. Ba2 Bd7 20. Bxf4 Nxf4 21. Ng3
Qb6 22. dxe5 dxe5 23. Qc2 Be6 24. Bxe6 Rxe6 25. Nf1 Bf8 26. Ne3 Qc7 27. Red1
Rb8 28. Rd2 Bc5 29. Rad1 Bxe3 30. fxe3 Qb6 31. Re1 Nh5 32. Kh2 Nf6 33. Ng1 Qc5
34. Qd3 Re7 35. Rf2 Rd7 36. Qc2 Kg7 37. Ref1 Rd6 38. Rf3 Rf8 39. Qf2 Rd7 40.
Rxf6 Qc4 41. Qf3 Qc5 42. h4 Qe7 43. Nh3 Rd6 44. Rxd6 Qxd6 45. h5 gxh5 46. Qxh5
Qe6 47. Rf3 Rg8 48. Nf2 Kf8 49. Rg3 Rxg3 50. Kxg3 Qd6 51. Ng4 Qd2 52. Qxh6+ Ke8
53. Qh8+ Kd7 54. Qf6 Qxb2 55. Qxf7+ Kc8 56. Qe8+ Kc7 57. Qxe5+ Kb6 58. Nf6 Ka6
59. Nd7 Qd2 60. Qd4 Qe1+ 61. Kg4 Qe2+ 62. Kg5 Qxg2+ 63. Kf6 c5 64. Nxc5+ Kb6
65. Ne6+ 1-0

[Event "FB1 1920 Karlsruher SF 1853 - SK Schwäb"]
[Site "?"]
[Date "2019.09.14"]
[Round "1.3"]
[White "Atalik, Ekaterina"]
[Black "Mader, Manuela"]
[Result "1-0"]
[WhiteElo "2456"]
[BlackElo "2190"]
[PlyCount "107"]
[EventDate "2019.??.??"]

1. Nf3 Nf6 2. b3 g6 3. Bb2 Bg7 4. g3 d5 5. c4 c6 6. Bg2 O-O 7. O-O Nbd7 8. d4
Ne4 9. Nbd2 Nb6 10. Nxe4 dxe4 11. Ne1 f5 12. Nc2 Be6 13. Qd2 Qc7 14. Rad1 Rfd8
15. Qa5 Rd7 16. Bc1 Qd8 17. Bf4 Bf7 18. Be5 Bxe5 19. Qxe5 Qc7 20. Qxc7 Rxc7 21.
f3 exf3 22. Rxf3 Rd8 23. Rfd3 Nd7 24. Ne1 b5 25. Rc1 bxc4 26. bxc4 Nb6 27. c5
Nd5 28. Ra3 Nf6 29. e3 Rb8 30. Nd3 Ng4 31. Re1 Bc4 32. h3 Nf6 33. Ne5 Bd5 34.
Bxd5+ cxd5 35. Rb3 Rxb3 36. axb3 Ne4 37. b4 Nxg3 38. b5 Kg7 39. Ra1 f4 40. Nc6
fxe3 41. Rxa7 Ne2+ 42. Kf1 Rxa7 43. Kxe2 Ra2+ 44. Kxe3 Ra3+ 45. Kd2 Rb3 46. b6
Kf8 47. Kc2 Rb5 48. Na7 Rb4 49. Kc3 Rc4+ 50. Kb3 Rc1 51. c6 Ke8 52. b7 Rb1+ 53.
Kc2 Rb4 54. c7 1-0

[Event "FB1 1920 Karlsruher SF 1853 - SK Schwäb"]
[Site "?"]
[Date "2019.09.14"]
[Round "1.4"]
[White "Moingt, Anne"]
[Black "Bulmaga, Irina"]
[Result "0-1"]
[WhiteElo "2068"]
[BlackElo "2440"]
[PlyCount "108"]
[EventDate "2019.??.??"]

1. e4 c5 2. Nf3 d6 3. d4 cxd4 4. Nxd4 Nf6 5. Nc3 a6 6. Be2 e5 7. Nb3 Be7 8. O-O
Be6 9. Be3 Nbd7 10. a4 O-O 11. f3 Rc8 12. Rf2 Nb6 13. a5 Nc4 14. Bxc4 Bxc4 15.
Rd2 d5 16. Bb6 Qd7 17. Nxd5 Nxd5 18. exd5 Bg5 19. Rf2 Bxd5 20. Qd3 Qb5 21. Qxb5
axb5 22. Rd1 Bc6 23. Re2 Rfe8 24. Nc5 f5 25. c3 e4 26. fxe4 Re5 27. Rde1 Rce8
28. b4 Be7 29. Nb3 Bxe4 30. Bd4 Re6 31. Nc5 Bxc5 32. Bxc5 Rd8 33. Bd4 Rg6 34.
Rf2 h5 35. Re3 h4 36. Kf1 Re6 37. Ke1 Rde8 38. Kd2 g5 39. h3 f4 40. Re1 Kf7 41.
Kc1 Kg6 42. Kb2 Bd3 43. Rxe6+ Rxe6 44. Kc1 Re2 45. Kd1 Rxf2 46. Bxf2 Bf1 47. c4
bxc4 48. b5 Bxg2 49. b6 g4 50. hxg4 h3 51. Bg1 Kg5 52. Kd2 Kxg4 53. Bh2 Bc6 54.
Ke2 c3 0-1

[Event "FB1 1920 Karlsruher SF 1853 - SK Schwäb"]
[Site "?"]
[Date "2019.09.14"]
[Round "1.5"]
[White "Daulyte-Cornette, Deimante"]
[Black "Rubina, Tatiana"]
[Result "1-0"]
[WhiteElo "2412"]
[BlackElo "2050"]
[PlyCount "35"]
[EventDate "2019.??.??"]

1. e4 c5 2. Nc3 d6 3. f4 Nc6 4. Nf3 g6 5. Bb5 Bd7 6. Bc4 Bg7 7. d3 e6 8. O-O
Nge7 9. f5 gxf5 10. Ng5 Ne5 11. Qh5 N7g6 12. exf5 Nxc4 13. dxc4 exf5 14. Bf4
Bd4+ 15. Kh1 Be6 16. Nb5 Nxf4 17. Rxf4 Qe7 18. Nxe6 1-0

[Event "FB1 1920 Karlsruher SF 1853 - SK Schwäb"]
[Site "?"]
[Date "2019.09.14"]
[Round "1.6"]
[White "Juszczak, Anna"]
[Black "Mkrtchian, Lilit"]
[Result "0-1"]
[WhiteElo "1976"]
[BlackElo "2408"]
[PlyCount "50"]
[EventDate "2019.??.??"]

1. d4 Nf6 2. c4 e6 3. Nc3 Bb4 4. Bd2 O-O 5. e3 b6 6. Bd3 Bb7 7. Nf3 d5 8. a3
Bd6 9. O-O c5 10. Qe2 Nbd7 11. Rac1 a6 12. Rfd1 Ne4 13. Be1 Qe7 14. Qc2 f5 15.
dxc5 bxc5 16. Qb3 Ndf6 17. h3 d4 18. exd4 Nxc3 19. Bxc3 Bxf3 20. gxf3 Nh5 21.
dxc5 Bxc5 22. Bb4 Rab8 23. Bxc5 Qg5+ 24. Kf1 Rxb3 25. Bxf8 Kxf8 0-1

[Event "FB1 1920 OSG Baden-Baden - Schachfreund"]
[Site "?"]
[Date "2019.09.14"]
[Round "1.1"]
[White "Michna, Marta"]
[Black "Muzychuk, Mariya"]
[Result "0-1"]
[WhiteElo "2362"]
[BlackElo "2551"]
[PlyCount "94"]
[EventDate "2019.??.??"]

1. d4 Nf6 2. c3 g6 3. Nf3 Bg7 4. Bf4 d6 5. h3 O-O 6. Nbd2 Nbd7 7. e4 e5 8. dxe5
dxe5 9. Be3 Qe7 10. Be2 b6 11. Qc2 Bb7 12. b4 Nh5 13. O-O Nf4 14. Bc4 Kh8 15.
Rfe1 Rad8 16. Bf1 Ne6 17. Bd3 h6 18. Rad1 c5 19. b5 Nc7 20. a4 Nf6 21. a5 Nh5
22. Rb1 Ne6 23. Nc4 Nef4 24. Bf1 f5 25. Bxf4 Nxf4 26. g3 fxe4 27. gxf4 exf3 28.
Nxe5 Bxe5 29. Rxe5 Qf6 30. Rbe1 bxa5 31. Re6 Qxf4 32. Rxg6 Rd2 33. Qc1 Rd6 34.
Rxd6 Qxd6 35. Qe3 Rg8+ 36. Kh1 Qg6 37. Qe5+ Kh7 38. Qh2 Be4 39. Bc4 Rg7 40. Bf1
a4 41. h4 h5 42. Bh3 Bf5 43. Bf1 Qg4 44. Ra1 Qe4 45. Rd1 a3 46. Ra1 a2 47. c4
Qd4 0-1

[Event "FB1 1920 OSG Baden-Baden - Schachfreund"]
[Site "?"]
[Date "2019.09.14"]
[Round "1.2"]
[White "Muzychuk, Anna"]
[Black "Schleining, Zoya"]
[Result "1/2-1/2"]
[WhiteElo "2547"]
[BlackElo "2340"]
[PlyCount "107"]
[EventDate "2019.??.??"]

1. e4 c5 2. Nf3 Nc6 3. d4 cxd4 4. Nxd4 g6 5. c4 Nf6 6. Nc3 Nxd4 7. Qxd4 d6 8.
Be3 Bg7 9. f3 O-O 10. Qd2 Be6 11. Rc1 Qa5 12. b3 Rfc8 13. Be2 a6 14. Na4 Qxd2+
15. Kxd2 Nd7 16. g4 f5 17. gxf5 gxf5 18. Rhg1 Kh8 19. Bd3 f4 20. Bxf4 Rf8 21.
Ke3 Rxf4 22. Kxf4 Bd4 23. Rg5 Rf8+ 24. Rf5 Bxf5 25. exf5 e5+ 26. Kg3 Rg8+ 27.
Kh3 Nf6 28. Nc3 Rg1 29. Rxg1 Bxg1 30. Be4 b6 31. Bb7 a5 32. Kg2 Bc5 33. f4 exf4
34. Kf3 Kg7 35. h3 Bd4 36. Ne2 Be5 37. Nxf4 Bxf4 38. Kxf4 Kf8 39. Bf3 h6 40.
Ke3 Ke7 41. Kd4 Kd7 42. Bd5 Kc7 43. Bf3 Kd7 44. Bb7 Kc7 45. Ba6 Kb8 46. c5
bxc5+ 47. Kc4 Ka7 48. Kb5 a4 49. Ka5 axb3 50. axb3 d5 51. Be2 Kb7 52. Kb5 c4
53. Kc5 cxb3 54. Kd4 1/2-1/2

[Event "FB1 1920 OSG Baden-Baden - Schachfreund"]
[Site "?"]
[Date "2019.09.14"]
[Round "1.3"]
[White "Agrest, Inna"]
[Black "Abdumalik, Zhansaya"]
[Result "0-1"]
[WhiteElo "2320"]
[BlackElo "2469"]
[PlyCount "100"]
[EventDate "2019.??.??"]

1. e4 e5 2. Nf3 Nc6 3. Bb5 a6 4. Ba4 Nf6 5. O-O Be7 6. d3 b5 7. Bb3 d6 8. c3
O-O 9. Re1 Na5 10. Bc2 c5 11. Nbd2 Re8 12. Nf1 h6 13. Ng3 Bf8 14. Bd2 Nc6 15.
h3 Rb8 16. Nh2 d5 17. exd5 Qxd5 18. Ne4 Nh7 19. Nf1 Be6 20. f4 exf4 21. Bxf4
Rbd8 22. Bc7 Rc8 23. Ne3 Qd7 24. Bb6 Nd4 25. cxd4 cxd4 26. Nf1 Qc6 27. Bxd4
Qxc2 28. Qxc2 Rxc2 29. Bc3 b4 30. Ne3 bxc3 31. Nxc2 cxb2 32. Rab1 Rb8 33. Nd2
Bxa2 34. Nc4 Bxb1 35. Rxb1 Rb3 36. Rxb2 Rxd3 37. Kf1 Rc3 38. N4e3 a5 39. Ke2
Ng5 40. Rb8 a4 41. Ra8 a3 42. Nd4 Ne6 43. Kd2 Rc7 44. Ndc2 Rd7+ 45. Kc3 Nf4 46.
Kc4 Rc7+ 47. Kb3 Ne2 48. Nc4 Rb7+ 49. Ka4 a2 50. Re8 Nd4 0-1

[Event "FB1 1920 OSG Baden-Baden - Schachfreund"]
[Site "?"]
[Date "2019.09.14"]
[Round "1.4"]
[White "Zatonskih, Anna"]
[Black "Klek, Hanna Marie"]
[Result "1-0"]
[WhiteElo "2424"]
[BlackElo "2246"]
[PlyCount "65"]
[EventDate "2019.??.??"]

1. d4 d5 2. c4 e6 3. Nc3 a6 4. cxd5 exd5 5. Nf3 Be6 6. Bf4 Bd6 7. Bg3 Nf6 8. e3
c6 9. Bd3 Bxg3 10. hxg3 Nbd7 11. Qc2 g6 12. O-O-O Qc7 13. Kb1 O-O-O 14. Na4 h5
15. Rc1 Kb8 16. Ng5 Rhe8 17. Ka1 Ka8 18. b4 Nb8 19. Rb1 Re7 20. Nxe6 Rxe6 21.
b5 Ne8 22. bxa6 b5 23. Nc5 Re7 24. a4 Nd6 25. axb5 cxb5 26. Bxb5 Qa5+ 27. Qa4
Qc3+ 28. Ka2 Rc8 29. Rhc1 Qd2+ 30. Rc2 Nxb5 31. Rxb5 Qd1 32. Rb1 Qg4 33. Rcb2
1-0

[Event "FB1 1920 OSG Baden-Baden - Schachfreund"]
[Site "?"]
[Date "2019.09.14"]
[Round "1.5"]
[White "Jelica, Mara"]
[Black "Tammert, Iamze"]
[Result "0-1"]
[WhiteElo "2150"]
[BlackElo "2272"]
[PlyCount "50"]
[EventDate "2019.??.??"]

1. d4 Nf6 2. c4 e6 3. Nc3 d5 4. Nf3 Nbd7 5. c5 c6 6. Bg5 Be7 7. e3 e5 8. Be2
O-O 9. O-O Ne4 10. Nxe4 dxe4 11. Bxe7 Qxe7 12. Nd2 exd4 13. exd4 Rd8 14. Bc4
Nf8 15. Qa4 Be6 16. Nb3 b5 17. Bxb5 cxb5 18. Qxb5 Qg5 19. f4 Qf5 20. Rad1 a5
21. Qa4 Bd5 22. Nxa5 e3 23. Rde1 Qe4 24. Re2 Ne6 25. Rf3 Nxd4 0-1

[Event "FB1 1920 OSG Baden-Baden - Schachfreund"]
[Site "?"]
[Date "2019.09.14"]
[Round "1.6"]
[White "Heinemann, Josefine"]
[Black "Lauterbach, Ingrid"]
[Result "1-0"]
[WhiteElo "2310"]
[BlackElo "2073"]
[PlyCount "61"]
[EventDate "2019.??.??"]

1. e4 g6 2. d4 Bg7 3. Nf3 d5 4. exd5 Qxd5 5. c4 Qe4+ 6. Be2 Bf5 7. O-O Qc2 8.
Qxc2 Bxc2 9. Nc3 Na6 10. Bf4 c5 11. Nb5 cxd4 12. Nfxd4 Be4 13. Rfe1 Rd8 14.
Rad1 e5 15. Bd3 Bxd3 16. Bxe5 Bxe5 17. Rxe5+ Ne7 18. Rxd3 O-O 19. Rxe7 Nc5 20.
Rd2 Ne6 21. Nf3 Rxd2 22. Nxd2 Rd8 23. Nf1 a6 24. Nc3 b5 25. cxb5 axb5 26. Rb7
Nd4 27. f3 Rc8 28. Kf2 Rc4 29. Ne3 Rc5 30. Ned5 Kg7 31. Rc7 1-0

[Event "FB1 1920 SK Lehrte - TuRa Harksheide"]
[Site "?"]
[Date "2019.09.15"]
[Round "2.1"]
[White "Unuk, Laura"]
[Black "Sieber, Fiona"]
[Result "0-1"]
[WhiteElo "2282"]
[BlackElo "2228"]
[PlyCount "82"]
[EventDate "2019.??.??"]

1. d4 Nf6 2. Nf3 e6 3. c4 b6 4. g3 Ba6 5. b3 Bb4+ 6. Bd2 Be7 7. Bg2 c6 8. Bc3
d5 9. Ne5 Nfd7 10. Nxd7 Nxd7 11. Nd2 O-O 12. O-O f5 13. a4 Nf6 14. a5 b5 15. c5
b4 16. Bxb4 Qe8 17. Re1 Ng4 18. e4 dxe4 19. Nxe4 Nxh2 20. Kxh2 fxe4 21. Ra2 Bd3
22. Qg4 Rf6 23. Bxe4 Bxe4 24. Rxe4 Rb8 25. Be1 Rxb3 26. Rxe6 Qd7 27. Rae2 Rd3
28. R6e4 Qd5 29. Bd2 Bf8 30. Bg5 Rg6 31. Re8 Rxg5 32. Rxf8+ Kxf8 33. Qc8+ Kf7
34. Qe8+ Kf6 35. Qe7+ Kg6 36. Re6+ Kh5 37. Qe8+ g6 38. Qh8 Qxe6 39. Qxh7+ Kg4
40. Qh3+ Kf3 41. Qxe6 Rh5+ 0-1

[Event "FB1 1920 SK Lehrte - TuRa Harksheide"]
[Site "?"]
[Date "2019.09.15"]
[Round "2.2"]
[White "Newrkla, Katharina"]
[Black "Antolak, Julia"]
[Result "1-0"]
[WhiteElo "2207"]
[BlackElo "2257"]
[PlyCount "103"]
[EventDate "2019.??.??"]

1. d4 Nf6 2. Bg5 g6 3. Bxf6 exf6 4. e3 d5 5. c4 dxc4 6. Bxc4 Bg7 7. Nc3 O-O 8.
Nge2 b6 9. Bd5 c6 10. Bf3 Bb7 11. O-O Qe7 12. Rc1 Rd8 13. Qa4 f5 14. Rfd1 a5
15. Qb3 b5 16. a4 b4 17. Nb1 Ra6 18. Nd2 Nd7 19. Qc2 Ba8 20. Nb3 Bf8 21. Qc4
Bb7 22. Nf4 Qf6 23. Nd3 Bd6 24. g3 Qe7 25. Ndc5 Nxc5 26. Nxc5 Bxc5 27. Qxc5 Qd6
28. Qxd6 Rxd6 29. Rc5 Kf8 30. h3 Ke7 31. g4 fxg4 32. hxg4 h6 33. Kg2 Kf6 34.
Rdc1 Re6 35. Kg3 Kg7 36. Be2 Ra8 37. Bc4 Re7 38. Bd3 Re6 39. Bf1 Kf6 40. Bh3
Kg7 41. g5 Re7 42. gxh6+ Kxh6 43. Bg2 f5 44. Bxc6 Bxc6 45. Rxc6 Rf8 46. Kf3 b3
47. Rb6 f4 48. e4 Rfe8 49. e5 Rd8 50. Ke4 Red7 51. Rc4 Kg5 52. Rxb3 1-0

[Event "FB1 1920 SK Lehrte - TuRa Harksheide"]
[Site "?"]
[Date "2019.09.15"]
[Round "2.3"]
[White "Utiatskaja, Irina"]
[Black "Schulze, Lara"]
[Result "1-0"]
[WhiteElo "2154"]
[BlackElo "2345"]
[PlyCount "75"]
[EventDate "2019.??.??"]

1. e4 c5 2. Nf3 Nc6 3. d4 cxd4 4. Nxd4 Nf6 5. Nc3 d6 6. Bg5 e6 7. Qd2 a6 8.
O-O-O Bd7 9. f3 h6 10. Be3 b5 11. Kb1 Ne5 12. a3 Qc7 13. g4 Rb8 14. h4 Qb7 15.
Qc1 g6 16. Be2 Nc4 17. g5 Nh5 18. Bxc4 bxc4 19. Nde2 Qc7 20. Ka2 Bc6 21. Qd2
Rd8 22. gxh6 d5 23. exd5 Bxd5 24. Nxd5 exd5 25. Qc3 Rh7 26. Bg5 Be7 27. Nd4 f6
28. Bd2 Kf7 29. Rhe1 Qc8 30. Qe3 Bd6 31. Qg1 Bc5 32. Bb4 Rxh6 33. Bxc5 Qxc5 34.
Ne6 Qd6 35. Nxd8+ Qxd8 36. Qa7+ Kg8 37. Rxd5 Qxd5 38. Re8# 1-0

[Event "FB1 1920 SK Lehrte - TuRa Harksheide"]
[Site "?"]
[Date "2019.09.15"]
[Round "2.4"]
[White "Hapala, Elisabeth"]
[Black "Gosciniak, Maria"]
[Result "1-0"]
[WhiteElo "2137"]
[BlackElo "2132"]
[PlyCount "121"]
[EventDate "2019.??.??"]

1. e4 Nf6 2. e5 Nd5 3. d4 d6 4. c4 Nb6 5. exd6 exd6 6. Nc3 Be7 7. h3 O-O 8. Nf3
Re8 9. Be2 Bf6 10. O-O Nc6 11. Be3 d5 12. c5 Nc4 13. Bc1 b6 14. b3 N4a5 15.
cxb6 axb6 16. Bf4 Na7 17. Rc1 c6 18. Bd3 Be6 19. Qd2 c5 20. dxc5 bxc5 21. Nb5
Nxb5 22. Bxb5 Rf8 23. Rxc5 Qb6 24. Be3 d4 25. Bxd4 Rfd8 26. Rd5 Rxd5 27. Bxb6
Rxd2 28. Nxd2 Rb8 29. Bxa5 Rxb5 30. Bc7 Rc5 31. Bf4 Rc2 32. a4 Bc3 33. Nc4 h6
34. Rc1 Bf5 35. a5 Rxc1+ 36. Bxc1 Bc8 37. Bd2 Bd4 38. Kf1 Ba6 39. Ke2 Bc5 40.
f3 f5 41. Kd3 g5 42. Be3 Bb4 43. Bb6 Kf7 44. Kd4 Ke6 45. Ne3 Bd2 46. Nc4 Be1
47. Kc5 h5 48. b4 Bf2+ 49. Kc6 Bxc4 50. Bxf2 Bf1 51. b5 Bxg2 52. b6 Bxf3+ 53.
Kc7 f4 54. b7 Bxb7 55. Kxb7 g4 56. hxg4 hxg4 57. a6 g3 58. Be1 Kf5 59. a7 Kg4
60. a8=Q Kh3 61. Kb6 1-0

[Event "FB1 1920 SK Lehrte - TuRa Harksheide"]
[Site "?"]
[Date "2019.09.15"]
[Round "2.5"]
[White "Brandt, Carina"]
[Black "Duessler, Stefanie"]
[Result "1/2-1/2"]
[WhiteElo "2060"]
[BlackElo "2108"]
[PlyCount "94"]
[EventDate "2019.??.??"]

1. e4 c5 2. Nf3 e6 3. d4 cxd4 4. Nxd4 Nc6 5. Nc3 Qc7 6. Be3 a6 7. a3 Nf6 8. f4
d6 9. Qf3 Be7 10. O-O-O Rb8 11. g4 Nxd4 12. Rxd4 b5 13. g5 Nd7 14. h4 Bb7 15.
Bh3 Nb6 16. h5 g6 17. Rd3 Nc4 18. Bd4 e5 19. fxe5 Bxg5+ 20. Kb1 dxe5 21. Be3
Bxe3 22. Qf6 Rf8 23. Bd7+ Qxd7 24. Rxd7 Kxd7 25. hxg6 hxg6 26. Rh7 Nd6 27. Qxg6
Rbe8 28. Qg4+ Kc7 29. Qe2 Bd4 30. Nd5+ Bxd5 31. exd5 e4 32. c3 Rh8 33. Rxh8
Bxh8 34. Qe3 Rc8 35. Qa7+ Kd8 36. Qxa6 Kd7 37. a4 bxa4 38. Qxa4+ Kd8 39. Qa5+
Ke7 40. Qa7+ Kf8 41. Qd7 Be5 42. Kc2 f6 43. Kd1 Rc5 44. Qd8+ Kf7 45. Qd7+ Kf8
46. Qd8+ Kf7 47. Qd7+ Kf8 1/2-1/2

[Event "FB1 1920 SK Lehrte - TuRa Harksheide"]
[Site "?"]
[Date "2019.09.15"]
[Round "2.6"]
[White "Zschischang, Marine"]
[Black "Koehler, Inken"]
[Result "1-0"]
[WhiteElo "2043"]
[BlackElo "2016"]
[PlyCount "99"]
[EventDate "2019.??.??"]

1. d4 d5 2. c4 c6 3. cxd5 cxd5 4. Nc3 Nf6 5. Nf3 e6 6. Ne5 Nbd7 7. e3 Be7 8. f4
Ne4 9. Bd2 O-O 10. Bd3 f5 11. O-O Ndf6 12. Be1 Bd7 13. Bh4 Rc8 14. Rc1 Be8 15.
Nxe4 fxe4 16. Rxc8 Qxc8 17. Be2 Kh8 18. Qd2 Qd8 19. Rc1 Qb6 20. a3 Bb5 21. Bd1
Qd6 22. Qa5 Ba6 23. h3 Kg8 24. b4 Bd8 25. Qc5 Qxc5 26. Rxc5 Be7 27. Rc3 Bd6 28.
Bxf6 gxf6 29. Nd7 Rf7 30. Rc8+ Kg7 31. Nc5 Bxc5 32. bxc5 Bb5 33. a4 Bc6 34. a5
Bb5 35. Bb3 Rd7 36. Kf2 Kf7 37. Ke1 Re7 38. f5 Rd7 39. Rh8 Kg7 40. fxe6 Re7 41.
Rd8 Rxe6 42. Bxd5 Re7 43. Rb8 Ba6 44. g4 Kh6 45. Kf2 Kg5 46. Kg3 Kg6 47. Kf4
Bf1 48. Bxe4+ Kh6 49. h4 a6 50. Bxb7 1-0

[Event "FB1 1920 SV Medizin Erfurt - Hamburger"]
[Site "?"]
[Date "2019.09.15"]
[Round "2.1"]
[White "Hoolt, Sarah"]
[Black "Juhasz, Barbara"]
[Result "1/2-1/2"]
[WhiteElo "2331"]
[BlackElo "2189"]
[PlyCount "44"]
[EventDate "2019.??.??"]

1. d4 Nf6 2. Bf4 g6 3. Nc3 d5 4. e3 Bg7 5. h4 h5 6. Nf3 O-O 7. Be2 c5 8. dxc5
Qa5 9. O-O Qxc5 10. Nb5 Na6 11. Be5 Ne4 12. Bxg7 Kxg7 13. Rc1 Bg4 14. Nbd4 Qb6
15. Ne5 Bxe2 16. Qxe2 Rad8 17. c4 Qf6 18. Ndf3 Qe6 19. cxd5 Rxd5 20. Nd3 Rd6
21. b4 Rfd8 22. Nf4 Qf6 1/2-1/2

[Event "FB1 1920 SV Medizin Erfurt - Hamburger"]
[Site "?"]
[Date "2019.09.15"]
[Round "2.2"]
[White "Nguyen, Ha Thanh"]
[Black "Fuchs, Judith"]
[Result "0-1"]
[WhiteElo "2016"]
[BlackElo "2218"]
[PlyCount "76"]
[EventDate "2019.??.??"]

1. e4 c5 2. Nf3 Nc6 3. d4 cxd4 4. Nxd4 Qb6 5. Nb3 Nf6 6. Nc3 e6 7. Bd3 Be7 8.
Be3 Qc7 9. f4 d6 10. Qf3 a6 11. a4 O-O 12. O-O b6 13. g4 Bb7 14. Qh3 Nb4 15. g5
Nd7 16. Rac1 Nc5 17. Nxc5 bxc5 18. f5 exf5 19. exf5 Nxd3 20. cxd3 Qd7 21. Qg3
Rfe8 22. f6 Bf8 23. Bf4 Re6 24. h4 Rae8 25. Rc2 d5 26. b3 d4 27. Nd1 Qd5 28.
Kf2 Qxb3 29. Rb2 Qd5 30. Qh3 Bc6 31. fxg7 Bxg7 32. Qg4 c4 33. dxc4 Qxc4 34. Rd2
d3 35. Kg3 Re2 36. Rf2 Re1 37. Kh3 Qd5 38. Rh2 Bd7 0-1

[Event "FB1 1920 SV Medizin Erfurt - Hamburger"]
[Site "?"]
[Date "2019.09.15"]
[Round "2.3"]
[White "Baciu, Diana"]
[Black "Reuter, Elisa"]
[Result "1/2-1/2"]
[WhiteElo "2275"]
[BlackElo "1862"]
[PlyCount "89"]
[EventDate "2019.??.??"]

1. e4 c5 2. Nf3 Nc6 3. Bb5 g6 4. Bxc6 dxc6 5. d3 Bg7 6. h3 e5 7. Be3 Qe7 8. Qd2
Nf6 9. Nc3 b6 10. Nh2 Be6 11. O-O O-O 12. Bg5 Qd7 13. b3 Ne8 14. Rad1 Nd6 15.
Ne2 f6 16. Be3 f5 17. f4 Qe8 18. fxe5 Bxe5 19. Bh6 Bg7 20. Bxg7 Kxg7 21. Qc3+
Kg8 22. Nf4 Nb5 23. Qb2 Bd7 24. Rde1 fxe4 25. Rxe4 Qd8 26. Ng4 Bxg4 27. hxg4
Qf6 28. Qxf6 Rxf6 29. a4 Nc3 30. Re6 Raf8 31. Rxf6 Rxf6 32. g3 h6 33. Re1 Nd5
34. Re8+ Kg7 35. Nxd5 cxd5 36. Ra8 a5 37. Rb8 Rd6 38. Kf2 d4 39. Rb7+ Kf6 40.
Kf3 Re6 41. Rd7 Re3+ 42. Kf2 Re6 43. Kf3 Re3+ 44. Kf2 Re6 45. Kf3 1/2-1/2

[Event "FB1 1920 SV Medizin Erfurt - Hamburger"]
[Site "?"]
[Date "2019.09.15"]
[Round "2.4"]
[White "Mueller-Ludwig, Kristin"]
[Black "Ragger, Anna-Christina"]
[Result "1-0"]
[WhiteElo "2061"]
[BlackElo "2250"]
[PlyCount "83"]
[EventDate "2019.??.??"]

1. e4 e5 2. Nf3 Nc6 3. Bb5 g6 4. O-O Bg7 5. c3 a6 6. Ba4 b5 7. Bc2 Nge7 8. d4
exd4 9. cxd4 O-O 10. a4 Rb8 11. axb5 axb5 12. d5 Nb4 13. Bb3 d6 14. Nc3 Na6 15.
Nd4 Nc5 16. Bc2 b4 17. Na4 Bd7 18. Nxc5 dxc5 19. Ne2 c4 20. Ra7 Nc8 21. Ra5 Bb5
22. Nd4 Bxd4 23. Qxd4 c5 24. Qe5 Qd6 25. Bf4 Qxe5 26. Bxe5 Rb7 27. Bf6 b3 28.
Bb1 c3 29. Bxc3 Bxf1 30. Kxf1 c4 31. e5 Ra7 32. d6 Rxa5 33. Bxa5 Na7 34. Be4
Nb5 35. d7 c3 36. bxc3 b2 37. c4 Na3 38. Bb4 Nxc4 39. Bxf8 Nd2+ 40. Ke2 Nxe4
41. d8=Q Nc3+ 42. Kf3 1-0

[Event "FB1 1920 SV Medizin Erfurt - Hamburger"]
[Site "?"]
[Date "2019.09.15"]
[Round "2.5"]
[White "Genova, Lyubka"]
[Black "Anisheva, Varvara"]
[Result "1-0"]
[WhiteElo "2230"]
[BlackElo "2092"]
[PlyCount "79"]
[EventDate "2019.??.??"]

1. e4 c5 2. Nf3 Nc6 3. d4 cxd4 4. Nxd4 Qc7 5. Nc3 e6 6. f4 a6 7. Nxc6 bxc6 8.
Bd3 d5 9. O-O h5 10. Qe2 Nf6 11. e5 Ng4 12. Na4 Qa7+ 13. Kh1 g6 14. Bd2 Rb8 15.
Rac1 Bc5 16. Nxc5 Qxc5 17. b4 Qe7 18. g3 Qa7 19. c4 dxc4 20. Rxc4 a5 21. h3 Ba6
22. hxg4 hxg4+ 23. Kg2 Bxc4 24. Bxc4 axb4 25. Be3 c5 26. Qxg4 Qa4 27. Qe2 Qc6+
28. Qf3 Qc7 29. Rd1 O-O 30. g4 Rfd8 31. Rh1 Kg7 32. Qe4 Qb7 33. Qxb7 Rxb7 34.
Kf3 Rc7 35. Ke4 Rdd7 36. f5 exf5+ 37. gxf5 gxf5+ 38. Kxf5 Rd8 39. Bg5 Rg8 40.
Bh6+ 1-0

[Event "FB1 1920 SV Medizin Erfurt - Hamburger"]
[Site "?"]
[Date "2019.09.15"]
[Round "2.6"]
[White "Umpfenbach, Carolin"]
[Black "Schmidt, Jade"]
[Result "1-0"]
[WhiteElo "2083"]
[BlackElo "2054"]
[PlyCount "99"]
[EventDate "2019.??.??"]

1. d4 d5 2. c4 e6 3. Nc3 c6 4. e3 Nf6 5. Nf3 Nbd7 6. Bd2 Bd6 7. a3 Ne4 8. Nxe4
dxe4 9. Ng1 Qe7 10. Ne2 O-O 11. Qc2 f5 12. g3 Nf6 13. Bg2 Bd7 14. Rb1 Kh8 15.
b4 b5 16. c5 Bc7 17. O-O Be8 18. Rbe1 Bh5 19. f3 Bxf3 20. Bxf3 exf3 21. Rxf3
Qe8 22. Nc3 Qh5 23. Ref1 Ng4 24. Bc1 Rfd8 25. Qg2 Nf6 26. R3f2 Qe8 27. e4 Rxd4
28. exf5 e5 29. Bg5 Qd7 30. Bxf6 gxf6 31. Nxb5 Rd3 32. Qe4 Bd8 33. Nd6 Rxa3 34.
b5 Be7 35. bxc6 Qc7 36. Nb5 Qa5 37. Nxa3 Bxc5 38. Nc4 Bxf2+ 39. Rxf2 Qc5 40.
Ne3 Rc8 41. Rc2 Qd4 42. Qxd4 exd4 43. Nd1 Kg7 44. Kf2 Kf7 45. Ke2 Ke7 46. Kd3
Kd6 47. c7 Rxc7 48. Rxc7 Kxc7 49. Kxd4 Kc6 50. Nc3 1-0

[Event "FB1 1920 SV Weißblau Allianz Leipzig -"]
[Site "?"]
[Date "2019.09.15"]
[Round "2.1"]
[White "Girya, Olga"]
[Black "Cyfka, Karina"]
[Result "1/2-1/2"]
[WhiteElo "2483"]
[BlackElo "2413"]
[PlyCount "57"]
[EventDate "2019.??.??"]

1. d4 Nf6 2. c4 b6 3. Nc3 Bb7 4. Qc2 d5 5. cxd5 Nxd5 6. Nf3 e6 7. e4 Nxc3 8.
bxc3 Be7 9. Bb5+ c6 10. Bd3 c5 11. Bb5+ Bc6 12. Qb1 Bxb5 13. Qxb5+ Qd7 14. a4
O-O 15. O-O cxd4 16. cxd4 Rd8 17. Bf4 Nc6 18. Rfd1 Na5 19. Rac1 Bd6 20. Qxd7
Rxd7 21. Bxd6 Rxd6 22. Rc7 Nb3 23. Kf1 f6 24. Ke2 Rad8 25. Rxa7 Nxd4+ 26. Nxd4
Rxd4 27. Rxd4 Rxd4 28. Ke3 Rb4 29. a5 1/2-1/2

[Event "FB1 1920 SV Weißblau Allianz Leipzig -"]
[Site "?"]
[Date "2019.09.15"]
[Round "2.2"]
[White "Schulz, Petra"]
[Black "Shuvalova, Polina"]
[Result "0-1"]
[WhiteElo "2070"]
[BlackElo "2406"]
[PlyCount "69"]
[EventDate "2019.??.??"]

1. e4 c6 2. d4 d5 3. Nc3 dxe4 4. Nxe4 Bf5 5. Ng3 Bg6 6. h4 h6 7. Nf3 Nd7 8. h5
Bh7 9. Bd3 Bxd3 10. Qxd3 e6 11. Bd2 Ngf6 12. O-O-O Be7 13. Ne4 O-O 14. Nxf6+
Nxf6 15. Ne5 c5 16. Be3 Rc8 17. g4 Nd5 18. Kb1 Qc7 19. c3 b5 20. f4 c4 21. Qe2
b4 22. cxb4 c3 23. Rd3 cxb2 24. Qxb2 Bxb4 25. Rh3 Bc3 26. Qc2 Rb8+ 27. Kc1 Rfc8
28. Kd1 Nb4 29. Qa4 Nxd3 30. Nxd3 Qb7 31. Rg3 Qe4 32. Ke2 Rd8 33. Nf2 Rb2+ 34.
Kf1 Rb1+ 35. Ke2 0-1

[Event "FB1 1920 SV Weißblau Allianz Leipzig -"]
[Site "?"]
[Date "2019.09.15"]
[Round "2.3"]
[White "Savina, Anastasia"]
[Black "Germann, Heike"]
[Result "1-0"]
[WhiteElo "2346"]
[BlackElo "2079"]
[PlyCount "69"]
[EventDate "2019.??.??"]

1. d4 Nf6 2. c4 g6 3. Nc3 Bg7 4. e4 d6 5. h3 O-O 6. Be3 e5 7. d5 a5 8. g4 Na6
9. Nge2 Nd7 10. Ng3 Nac5 11. Be2 f6 12. h4 Rf7 13. Qd2 Bf8 14. h5 g5 15. O-O
Nb6 16. b3 Bd7 17. Rab1 Qc8 18. f3 c6 19. Rfc1 Qd8 20. Kg2 cxd5 21. cxd5 Be8
22. Nb5 Bxb5 23. Bxb5 Rc7 24. Nf5 Nc8 25. a3 Na7 26. Be2 Nc8 27. b4 axb4 28.
axb4 Nd7 29. Rxc7 Qxc7 30. Rc1 Qd8 31. Bb5 Ne7 32. Nxd6 Ng6 33. Nxb7 Nh4+ 34.
Kg3 Qb8 35. Bxd7 1-0